000 01201nac a22003377a 4500
001 BR0808851
003 BR-BrBNA
005 20240105123727.0
008 230509b bl.|||m| |||| 00| 0 por d
040 _aBR-BrBNA
_bpor
_cBiblioteca Nacional de Agricultura
072 _aF40
090 _a0230 BR0808851
100 1 _aMaluf, J.R.T.
100 1 _aWestphalen, S.L.
100 1 _aMatzenauer, R.
100 1 _aMaluf, D.E.
110 1 _aFundação Estadual de Pesquisa Agropecuária, Porto Alegre, RS (Brasil)
_94887
245 1 _aZoneamento agroclimático atualizado para a cultura da cana-de-açúcar no Estado do Rio Grande do Sul, visando à produção de açúcar e álcool
260 3 _aPorto Alegre, RS (Brasil):
_c2008.
300 _a78 p.
490 _aBoletim Técnico - Fundação Estadual de Pesquisa Agropecuária (Brazil)
_vno. 18
_xISSN 0104-9089
500 _a34 illus.; 7 tables; 30 ref.
650 _aCANA DE AÇÚCAR
650 _aPRODUÇÃO VEGETAL
650 _aZONEAMENTO CLIMÁTICO
650 _aAPTIDÃO CLIMÁTICA
650 _aTEMPERATURA
650 _aDEFICIÊNCIA HÍDRICA
909 _a202312
_bLúcia Elande
_c55
_dLúcia Elande
942 _2AGRIS
_n0
_cMS
999 _c296727
_d296727